000 00487nam a2200181Ia 4500
001 8570
005 20260306160619.0
008 260306t2002||||xx |||||||||||||| ||spa||
041 _aESP
082 _a371.144
_bE92
100 _aGrupo de Trabajo sobre Estándares y Evaluación
_eAUT
245 0 _aEstándares educativos, evaluación y calidad de la educación
260 _c2002
300 _a175 páginas :
_c24 cm.
650 _aGEN
654 _aCED
942 _cLIB
_dJUS
_fJUS
_2ddc
_n
999 _c8570
_d8570